| 000 | 00534nam a22001337a 4500 | ||
|---|---|---|---|
| 999 |
_c504253 _d504253 |
||
| 005 | 20180806165048.0 | ||
| 008 | 180806b ||||| |||| 00| 0 eng d | ||
| 040 | _c | ||
| 100 |
_aIndia. Rajya Sabha Secretariat _9204 |
||
| 245 |
_aCommittees of Rajya Sabha and Other Parliamentary Committees and Bodies on Which Rajya Sabha is Represented _bby Rajya Sabha Secretariat |
||
| 260 |
_aNew Delhi _bRajya Sabha Secretariat |
||
| 500 | _aLibrary has 1964/65, 1969/70, 1975/76, 1977/78-1980/81, 1992/93, 1994/95, 1996/97 | ||
| 942 |
_2ddc _cGG |
||